000 01264 a2200229 4500
001 125272
020 _a9780590465960
040 _cEscola Canadense de Niteroi
090 _aPET
100 _aPeterson, John
245 1 0 _aThe Littles go exploring
250 _a1st. ed.
260 _aNew York
300 _a94 p.
_c5 x 0.25 x 7.75 inches
362 0 _a1978
490 0 _aThe Littles
520 _aThe tenth book from this classic series is ready to grab the attention of a new generation! Fresh cover art brings an updated look to this timeless favorite. Years ago, Grandpa Little set off to explore and was never seen again and the mystery of his disappearance was never solved. But now, Lucy and Tom have stumbled across a secret room where Grandpa kept many papers and maps. And they think they can figure out the path he took into the wilderness the last time he set out on an expedition! The family packs up and heads upstream. Surprises await them around every bend -- huge turtles, river rapids, and a new family of tiny people! But when their odyssey is over, will the Littles know any more about what happened to Grandpa Little?
650 4 _aFamily
650 4 _aChildren's Literature
650 4 _aAction or Adventure
942 _cBK
999 _c125272
_d125272